[Event "Nancy-A"]
[Site "?"]
[Date "2014.03.05"]
[Round "1"]
[White "Sochacki, C."]
[Black "Bukavshin, I."]
[Result "0-1"]
[WhiteElo "2495"]
[BlackElo "2593"]
[Annotator "SR"]
[PlyCount "88"]
[EventDate "2014.03.05"]
[SourceDate "2014.03.05"]

1. e4 c5 2. Nf3 e6 3. d4 cxd4 4. Nxd4 Nc6 5. Nc3 Qc7 6. Be2 Nf6 7. O-O Be7 8.
Be3 O-O 9. f4 d6 10. Qe1 Nxd4 11. Bxd4 e5 12. fxe5 dxe5 13. Qg3 Bc5 14. Bxc5
Qxc5+ 15. Kh1 Kh8 16. Qh4 Ne8 17. Rad1 Be6 18. Bg4 Nd6 19. Rf3 Nc4 20. b3 Nb6
21. h3 h6 22. Rdf1 Nd7 23. Bxe6 fxe6 24. Qg4 Rf6 25. Rd1 Rxf3 26. Qxf3 Nf6 27.
Rd3 Rc8 28. a4 a6 29. Qe3 Qb4 30. Kg1 Nh5 31. g3 Nf6 32. Kf1 Qa3 33. Ke2 Qa1
34. Kd2 {Les Blancs ont un sévère zeitnot à gérer tandis qu'il reste beaucoup
de temps aux Noirs.} Kh7 35. g4 b6 36. Ne2 b5 37. axb5 axb5 38. Rc3 Ra8 39. Ng3
Qb1 40. Qe1 Qb2 41. Ke2 $2 (41. Qe3 {avec encore quelques chances mais dans
une position délicate et avec peu de temps pour terminer la partie.}) 41... Ra1
42. Qd2 Rg1 $1 {Le coup décisif.} (42... Qb1 43. Kf3 $11) 43. Qe3 (43. Kf2 Rxg3
$1) 43... Qa1 44. Kf3 {Diagramme.} Qxc3 $1 {Une belle conclusion !} 0-1

[Event "Nancy-A"]
[Site "?"]
[Date "2014.03.05"]
[Round "1"]
[White "Rindlisbacher, L."]
[Black "Nezar, M."]
[Result "1-0"]
[WhiteElo "2320"]
[BlackElo "2392"]
[Annotator "Sylvain Ravot"]
[PlyCount "67"]
[EventDate "2014.03.05"]
[SourceDate "2014.03.05"]

1. d4 Nf6 2. Nf3 e6 3. e3 b6 4. Bd3 Bb7 5. O-O c5 6. c4 Be7 7. Nc3 cxd4 8. exd4
O-O 9. d5 exd5 (9... Na6) 10. cxd5 Bb4 11. Ne4 {Un sacrifice thématique du
pion d5.} Nxd5 $2 (11... h6) 12. Neg5 Nf6 {Diagramme.} 13. Nxh7 $1 Re8 (13...
Nxh7 14. Bxh7+ Kxh7 15. Ng5+ Kg8 16. Qh5 Be4 17. Nxe4 Be7 18. Bg5 $1 $18) 14.
Nfg5 Nc6 15. Nxf6+ Qxf6 16. Qh5 d5 (16... Ne5 {seul coup, selon le module.})
17. Qh7+ (17. Bh7+ Kf8 18. Be4 $1 $18 {était une belle manoeuvre.}) 17... Kf8
18. Nh3 Re5 19. Bf4 g6 (19... g5 {était nécessaire}) 20. Bh6+ Ke8 21. Bg7 {
gagne une qualité} Qe7 22. Bxe5 Nxe5 23. Bb5+ Kd8 24. Rac1 {Les Blancs ont une
qualité de plus et l'attaque, soit une position gagnante.} f6 25. Qxe7+ Bxe7
26. Nf4 Bd6 27. Nxd5 $1 Bxd5 28. Rfd1 Bxa2 29. Rxd6+ Ke7 30. Rd2 g5 31. Rc7+
Ke6 32. Ba6 {+-} Bb3 $2 33. Bc8+ Rxc8 34. Rxc8 1-0

[Event "Nancy-A"]
[Site "?"]
[Date "2014.03.05"]
[Round "1"]
[White "Istratescu, A."]
[Black "Demuth, A."]
[Result "1-0"]
[WhiteElo "2671"]
[BlackElo "2488"]
[Annotator "SR"]
[PlyCount "79"]
[EventDate "2014.03.05"]
[SourceDate "2014.03.05"]

1. e4 e5 2. Nf3 Nc6 3. Bb5 Nf6 4. O-O Nxe4 5. d4 Nd6 6. Bxc6 dxc6 7. dxe5 Nf5
8. Qxd8+ Kxd8 9. Nc3 Ke8 10. h3 h5 11. Rd1 Be7 12. Bg5 Be6 13. g3 f6 (13... Rd8
14. Rxd8+ Bxd8 15. Rd1 Be7 16. b3 f6 17. exf6 gxf6 18. Bf4 Nd6 19. Kg2 Kf7 20.
Ne2 a5 21. c4 {1/2-1/2 Grischuk,A (2719)-Hracek,Z (2593)/Turin 2006/CBM 113})
14. exf6 gxf6 15. Bf4 Bd6 16. Ne2 Kf7 17. Bxd6 cxd6 18. Nf4 {La meilleure
structure confère un avantage durable aux Blancs.} d5 19. c3 Rae8 20. Re1 Ng7
21. Nd4 Bd7 22. b4 Re5 23. Kg2 Rhe8 24. Red1 Re4 25. h4 Nf5 26. Nxf5 Bxf5 27.
Rd4 Bg6 28. a4 Rxd4 29. cxd4 Bc2 30. a5 Bg6 {Une imprécision, partiellement
due au zeitnot des Noirs.} (30... a6 {était peut-être nécessaire, même si les
Blancs conservent l'avantage.}) 31. a6 Rb8 32. Rc1 Be4+ 33. f3 Bf5 34. Nxh5 Bd7
35. b5 $1 bxa6 (35... Ke7 $16 {était le plus résistant.}) 36. bxc6 Rb2+ 37. Kg1
Bc8 38. Nf4 a5 39. Rc5 ({ou} 39. Nxd5 $18) 39... a4 40. Ra5 1-0

[Event "Nancy-A"]
[Site "?"]
[Date "2014.03.05"]
[Round "1"]
[White "Genzling, A."]
[Black "Solodovnichenko, Y."]
[Result "0-1"]
[WhiteElo "2405"]
[BlackElo "2586"]
[Annotator "SR"]
[PlyCount "108"]
[EventDate "2014.03.05"]
[SourceDate "2014.03.05"]

1. e4 d6 2. d4 Nf6 3. Nc3 g6 4. f4 Bg7 5. a3 {Ce coup étonnant trouve son
explication dans la suite de la partie.} (5. Nf3 c5 6. dxc5 Qa5 {est une
grande variante}) 5... O-O 6. Nf3 c5 7. dxc5 Qa5 8. b4 {L'explication de a3.
Cependant les Noirs se satisfont de l'affaiblissement du coup b4.} Qc7 9. e5
dxe5 10. fxe5 Rd8 11. Bd3 Nh5 12. Nb5 Qd7 13. O-O Nc6 14. Qe1 a6 15. Nc3 Nxe5
16. Nxe5 Qd4+ 17. Kh1 Qxe5 18. Bb2 Be6 19. Qf2 (19. Qxe5 Bxe5 20. Be4 $11)
19... Nf6 20. Rae1 Qc7 21. Qh4 Rac8 22. Na4 Rd5 23. Nb6 Rh5 24. Qf4 Qxf4 25.
Rxf4 Rd8 26. Ba1 g5 27. Rf3 Ng4 28. Kg1 (28. h3 Bxa1 29. Rxa1 Ne5 {ne plaisait
sûrement pas aux Blancs.}) 28... Nxh2 29. Rg3 Rd4 $5 {Un coup agressif qui met
les Blancs sous pression par la menace Tdh4.} 30. Be4 $2 {Il serait
intéressant de savoir si les Blancs sont rentrés volontairement dans cette
variante en comptant sur le Fou coincé.} (30. Be2 $11) 30... Rxe4 31. Rxe4 Bxa1
32. c3 Ng4 {Un regroupement compréhensible.} ({Mais meilleur était} 32... Bb2
$1 33. a4 Bc1 $17) 33. Re1 Bb2 34. Na4 (34. Rxe6 fxe6 35. Nc4 $11) 34... Bxa3
35. Ra1 Bxb4 36. cxb4 f5 {Les Noirs ont trois pions pour la qualité.} 37. Nc3
f4 38. Rh3 Rxh3 39. gxh3 Ne5 40. Kg2 Nd3 41. c6 bxc6 42. Rxa6 Nxb4 43. Rb6 Nd5
44. Rxc6 Ne3+ 45. Kh2 Bf5 46. Ne2 Kf7 47. Nd4 Be4 48. Re6 Bd5 49. Rh6 e5 50.
Nc6 Bxc6 51. Rxc6 h5 52. Rh6 g4 53. h4 g3+ 54. Kh3 g2 0-1

[Event "Nancy-A"]
[Site "?"]
[Date "2014.03.05"]
[Round "1"]
[White "Brunner, N."]
[Black "Donchenko, A."]
[Result "0-1"]
[WhiteElo "2449"]
[BlackElo "2463"]
[Annotator "SR"]
[PlyCount "160"]
[EventDate "2014.03.05"]
[SourceDate "2014.03.05"]

1. d4 d5 2. c4 dxc4 3. e4 e5 4. Nf3 Bb4+ 5. Nc3 exd4 6. Nxd4 Nd7 7. Bxc4 Ngf6
8. O-O O-O 9. f3 Nb6 10. Be2 Qe7 11. Nc2 Bc5+ 12. Kh1 Rd8 13. Qe1 h6 14. Qh4 c6
15. g4 Nbd7 16. Ne3 Nd5 17. Qxe7 Nxe7 18. Rd1 b5 19. Nf5 Nxf5 20. gxf5 Re8 21.
Bf4 Bb6 22. Rac1 Ne5 23. Bg3 Bb7 24. f4 Nc4 25. Bxc4 bxc4 26. Rd7 Rab8 27. Kg2
Be3 28. Rc2 (28. Rcd1 c5 $15) 28... Red8 29. Rxd8+ Rxd8 {L'activité des pièces
noires compense largement la faiblesse de la structure à l'aile Dame.} 30. Kf3
Rd3 31. Ke2 Ba6 32. Ke1 h5 33. Rg2 Kf8 34. a4 Bc1 $2 35. Rc2 $2 (35. Na2 $1 Be3
36. Nb4 {même si la suite est des plus complexes}) 35... Be3 36. Rg2 Bb7 37.
Bf2 Bxf4 38. Bxa7 Be5 39. Bc5+ Ke8 40. h4 Rh3 41. Bf2 c5 42. a5 Rh1+ 43. Kd2
Ra1 44. Bxc5 Rxa5 45. Be3 Ra1 46. Rg5 Rh1 47. Rxh5 Rh2+ 48. Kc1 Bxc3 49. bxc3
Bxe4 50. f6 (50. Rh8+ Ke7 51. Bc5+ Kf6 52. Bd4+ Kxf5) 50... gxf6 51. Rh8+ Ke7
52. Bd2 Bg6 53. Kd1 Ke6 54. Ke1 Kf5 55. Rd8 Rh1+ 56. Kf2 Rxh4 57. Rd5+ Ke6 58.
Rd4 {Les Blancs ont des chances de nulle, mais la finale n'est pas facile à
défendre. Les deux joueurs ont 2 minutes à la pendule avec l'incrément.} Rh2+
59. Kg3 Re2 60. Kf3 (60. Bf4 Bd3 61. Rd6+ {était une meilleure défense,
peut-être suffisante pour annuler.}) 60... Bd3 61. Be3 Rc2 62. Rf4 f5 63. Bd4
Be4+ 64. Ke3 Rh2 65. Rf2 Rh3+ 66. Kf4 f6 67. Rf1 Rd3 68. Rf2 Rh3 69. Rf1 Rd3
70. Rf2 Rxd4 $1 {La suite gagnante.} 71. cxd4 c3 72. Ke3 c2 73. Rf1 Kd5 74. Re1
Kc4 75. Rg1 Kc3 76. Re1 Bc6 77. Rc1 Bd5 78. Kf4 Be6 79. d5 Bd7 80. Ke3 f4+ 0-1

[Event "Nancy-B"]
[Site "?"]
[Date "2014.03.05"]
[Round "1"]
[White "Nass, E."]
[Black "Adrian, C."]
[Result "1-0"]
[WhiteElo "2233"]
[BlackElo "2239"]
[Annotator "SR"]
[PlyCount "111"]
[EventDate "2014.03.05"]
[SourceDate "2014.03.05"]

1. d4 Nf6 2. Nf3 c5 3. e3 g6 4. Be2 Bg7 5. O-O O-O 6. b3 cxd4 7. exd4 d5 8. Ne5
Nc6 9. Bb2 Bf5 10. Nxc6 bxc6 11. Nc3 c5 12. dxc5 Ne4 13. Nxe4 Bxb2 14. Rb1 Ba3
15. Ng3 Bxc5 16. Nxf5 gxf5 17. Bf3 e6 18. c4 Qf6 19. cxd5 Rfd8 20. Qc2 Rac8 21.
dxe6 fxe6 22. Bb7 Rc7 23. Ba6 e5 24. Rbd1 Rxd1 25. Qxd1 Bd4 26. Bc4+ Kh8 27.
Qf3 Rc8 28. Qd5 Rd8 29. Qe6 Qxe6 30. Bxe6 f4 31. Bg4 Kg7 32. g3 Bb6 33. Rd1
Rxd1+ 34. Bxd1 Kf6 35. Bc2 fxg3 36. hxg3 h5 37. Kg2 Kg5 38. b4 h4 39. a4 Bd4
40. Be4 Bc3 41. b5 Be1 42. Bd3 Kg4 43. Be2+ Kg5 44. Bd1 Ba5 45. Kh3 hxg3 46.
fxg3 Bc7 47. Bf3 Kf5 48. Kh4 e4 49. Bd1 Ba5 50. Kh5 Bd8 51. Be2 Bc7 52. g4+ Kf4
$2 {Les Noirs se sabordent.} (52... Kf6 $11) 53. g5 Ke3 54. g6 Be5 55. Bg4 Kf4
56. a5 1-0

[Event "Nancy-B"]
[Site "?"]
[Date "2014.03.05"]
[Round "1"]
[White "Welling, G."]
[Black "Ider, B."]
[Result "1/2-1/2"]
[WhiteElo "2339"]
[BlackElo "2379"]
[Annotator "SR"]
[PlyCount "81"]
[EventDate "2014.03.05"]
[SourceDate "2014.03.05"]

1. d4 e6 2. a3 $5 Nf6 3. Nf3 d5 4. Bf4 Bd6 5. Bg3 Ne4 6. e3 Nxg3 7. hxg3 Nd7 8.
c4 c6 9. Nc3 Qe7 10. Qc2 Nf6 11. Bd3 Bd7 12. cxd5 exd5 13. Bf5 Bxf5 14. Qxf5 g6
15. Qh3 h5 16. g4 $5 Nxg4 17. Qxg4 hxg4 18. Rxh8+ Kd7 19. Rxa8 gxf3 20. gxf3
Qf6 21. Ke2 Qf5 22. Rc1 {Les Blancs ont les meilleures chances mais la
position est équilibrée.} a6 23. Rh8 g5 24. Rhh1 a5 25. Rhg1 b5 26. Nb1 a4 27.
Nc3 Be7 28. Na2 Qe6 29. Nb4 Bxb4 30. axb4 Qg6 31. Rc5 f5 32. Rgc1 g4 33. f4 g3
34. fxg3 Qxg3 35. Rxc6 Qg2+ 36. Kd3 Qxb2 37. Rc7+ Kd8 38. Rc8+ Kd7 39. R8c7+
Kd8 40. Rc8+ Kd7 41. R8c7+ 1/2-1/2

[Event "Nancy-B"]
[Site "?"]
[Date "2014.03.05"]
[Round "1"]
[White "Geller, J."]
[Black "Camacho Collados, J."]
[Result "1/2-1/2"]
[WhiteElo "2548"]
[BlackElo "2393"]
[Annotator "SR"]
[PlyCount "106"]
[EventDate "2014.03.05"]
[SourceDate "2014.03.05"]

1. e4 e5 2. Nf3 Nf6 3. Nxe5 d6 4. Nf3 Nxe4 5. Nc3 Nxc3 6. dxc3 Nc6 7. Bf4 Bf5
8. Qd2 Qd7 9. O-O-O O-O-O 10. Be2 Be7 {La position n'est pas facile à
déséquilibrer.} 11. h3 Kb8 12. g4 Be6 13. Ng5 Bxg5 14. Bxg5 {Les Blancs ont
obtenu la paire de Fous mais c'est compensé par les affaiblissements de leur
structure.} Rde8 15. b3 f5 16. f3 h6 17. Bh4 g5 18. Bg3 h5 19. gxf5 Bxf5 20.
Bf1 g4 21. hxg4 hxg4 22. Rxh8 Rxh8 23. fxg4 Bxg4 {avec des pions sur une seule
aile, la paire de Fous ne va pas pouvoir s'exprimer pleinement.} 24. Re1 Re8
25. Bg2 Rxe1+ 26. Bxe1 a6 27. Bf2 Qf5 28. Qe3 Qe5 29. Qd2 Qf5 30. Qe3 Qe5 31.
Qd3 {Les Blancs ne veulent pas de la nulle pour l'instant.} Qe2 32. Qg3 Bc8 33.
Qf4 Qe5 34. Qd2 Bf5 35. Kb2 Bd7 36. a4 Bf5 37. Qh6 Bd7 38. Qh4 Qe7 39. Qc4 Qe6
40. Qd3 Qf5 41. Qe3 Qe5 42. Qd2 Bf5 43. Qh6 Bd7 44. Bh4 Qe6 45. Qf8+ Qe8 46.
Qg7 Qe6 47. Kb1 Qe8 48. c4 Qe6 49. Bd5 Qe8 50. Bf7 Qe2 51. Qh8+ Ka7 52. Bg6 Qd2
53. Be4 Ne5 {suite illisible, nulle dix coups plus tard.} 1/2-1/2

[Event "Nancy-B"]
[Site "?"]
[Date "2014.03.05"]
[Round "1"]
[White "Bellahcene, B."]
[Black "Ninov, N."]
[Result "1-0"]
[WhiteElo "2284"]
[BlackElo "2472"]
[Annotator "SR"]
[PlyCount "145"]
[EventDate "2014.03.05"]
[SourceDate "2014.03.05"]

1. d4 Nf6 2. Nf3 d5 3. c4 dxc4 4. e3 b5 5. a4 b4 6. Bxc4 e6 7. O-O Nbd7 8. Qe2
c5 9. e4 Nb6 10. Bb5+ Bd7 11. Bxd7+ Nfxd7 12. d5 Qe7 13. a5 Nc8 14. dxe6 Qxe6
15. Ng5 Qe7 16. e5 Nxe5 17. Bf4 f6 18. Bxe5 fxe5 19. Ne4 Nd6 20. Nxd6+ Qxd6 21.
Rd1 Qe6 22. f4 Be7 23. Qb5+ Kf8 24. f5 {(26)} Qc8 {(20)} 25. Nd2 c4 26. Ne4 a6
27. Qxe5 Qc6 28. Rac1 Re8 29. Qd5 Rc8 30. f6 gxf6 31. Qf5 Rc7 32. Kh1 Kg7 33.
Qg4+ Kf7 34. Qh5+ Kg7 35. Qg4+ Kf7 36. Rf1 Rg8 37. Ng5+ Ke8 38. Qh5+ Kd8 39.
Nf3 Qe4 40. Rfe1 Qg6 $2 (40... Qg4 {offrait encore quelques chances de survie.}
) 41. Qd5+ Ke8 42. Nh4 Qg5 43. Nf5 Kf8 44. Nxe7 {gagne une pièce.} Qxd5 (44...
Rxe7 45. Qd8+ $18) 45. Nxd5 Rc5 46. Nxb4 Kf7 47. Nxa6 Rxa5 48. Nb4 Rc8 49. Re4
Ra4 50. Nd5 Ra2 51. h4 Rxb2 52. Rcxc4 Rd8 53. Rc7+ Kg6 54. Ne3 h5 55. Ree7 Rg8
56. Kh2 Rb4 57. Kg3 Kh6+ 58. Kf3 Kg6 59. g3 Rb3 60. Rh7 Ra3 61. Kf4 Ra4+ 62.
Kf3 Ra3 63. Rhe7 Rb3 64. g4 hxg4+ 65. Kxg4 f5+ 66. Kf4 Rb4+ 67. Nc4 Rh8 68.
Rc6+ Kh5 69. Rg7 Kxh4 70. Rg1 Rb3 71. Ne3 Rb4+ 72. Rc4 Rxc4+ 73. Nxc4 1-0

[Event "Nancy-B"]
[Site "?"]
[Date "2014.03.05"]
[Round "1"]
[White "Le Corre, B."]
[Black "Barbot, P."]
[Result "0-1"]
[WhiteElo "2271"]
[BlackElo "2413"]
[Annotator "SR"]
[PlyCount "86"]
[EventDate "2014.03.05"]
[SourceDate "2014.03.05"]

1. e4 c5 2. Nf3 d6 3. Nc3 Nf6 4. d4 cxd4 5. Nxd4 Nc6 6. Bg5 e6 7. Qd2 a6 8.
O-O-O Bd7 9. f4 b5 10. Bxf6 gxf6 11. Kb1 Qb6 12. Nxc6 Bxc6 13. f5 Rc8 {
Nouveauté !?} 14. fxe6 fxe6 15. Qe2 Qc5 16. a4 Qe5 17. axb5 axb5 18. Qf2 Bg7
19. Qb6 O-O 20. Bxb5 f5 21. exf5 Be4 {La position blanche est maintenant très
difficile à défendre.} 22. Qd4 Rxc3 23. Qxe5 Bxe5 24. Bd3 (24. bxc3 Rb8 $17)
24... Bxd3 25. cxd3 Rb3 26. d4 Bg7 27. Kc2 Rfb8 28. fxe6 Rxb2+ 29. Kd3 d5 {-+}
30. Rc1 R8b3+ 31. Rc3 Rxc3+ 32. Kxc3 Re2 33. Ra1 Re3+ 34. Kd2 Rxe6 35. Ra8+ Bf8
36. Kd3 Rh6 37. Rd8 Rd6 38. Ra8 Kf7 39. Ke3 Re6+ 40. Kf3 Re4 41. Rd8 Rxd4 42.
Ke3 Bc5 43. Rd7+ Ke6 0-1

[Event "Nancy-A"]
[Site "?"]
[Date "2014.03.05"]
[Round "2"]
[White "Istratescu, A."]
[Black "Sochacki, C."]
[Result "1-0"]
[WhiteElo "2672"]
[BlackElo "2436"]
[Annotator "SRavot"]
[PlyCount "71"]
[EventDate "2014.03.05"]
[SourceDate "2014.03.05"]

1. e4 c5 2. Nf3 d6 3. d4 cxd4 4. Nxd4 Nf6 5. Nc3 g6 6. Be3 Bg7 7. f3 Nc6 8. Qd2
O-O 9. O-O-O d5 10. exd5 Nxd5 11. Nxc6 bxc6 12. Bd4 Bxd4 13. Qxd4 Qb6 14. Na4
Qa5 15. b3 Rb8 16. Qc5 Qxc5 17. Nxc5 {Le numéro 4 français a obtenu un
avantage structurel très similaire à celui de sa première ronde contre Demuth.}
Ne3 18. Rd3 Nxf1 19. Rxf1 {Le Cavalier est extraordinaire en c5.} Bf5 20. Re3
Rb5 21. Rc3 h5 22. Re1 Re8 23. h3 h4 24. Rc4 g5 25. a4 Rb6 26. Re5 e6 27. Nd7 {
gagne la qualité. Les Blancs ont obtenu l'avantage décisif en jouant de
manière très simple, et profité des petits affaiblissements des Noirs.} Rc8 28.
Nxb6 axb6 29. Rb4 f6 30. Re3 b5 31. Rc3 bxa4 32. bxa4 e5 33. a5 c5 34. Rb7 e4
35. a6 exf3 36. gxf3 1-0

[Event "Nancy-A"]
[Site "?"]
[Date "2014.03.05"]
[Round "2"]
[White "Nezar, M."]
[Black "Brunner, N."]
[Result "1/2-1/2"]
[WhiteElo "2392"]
[BlackElo "2449"]
[PlyCount "86"]
[EventDate "2014.03.05"]
[SourceDate "2014.03.05"]

1. c4 c5 2. g3 g6 3. Bg2 Bg7 4. Nc3 Nc6 5. Nf3 e5 6. a3 d6 7. O-O Nge7 8. Rb1
a5 9. d3 O-O 10. Ne1 Be6 11. Nd5 Rb8 12. Nxe7+ Nxe7 13. b4 axb4 14. axb4 cxb4
15. Rxb4 d5 16. Nc2 Nc6 17. Ra4 dxc4 18. dxc4 Qxd1 19. Rxd1 Ra8 20. Rxa8 Rxa8
21. Ne3 Ra1 22. Bd5 Bxd5 23. cxd5 Nb8 24. Bd2 Rxd1+ 25. Nxd1 e4 26. Kg2 Nd7 27.
f3 exf3+ 28. Kxf3 f5 29. Bc3 Nf6 30. Bxf6 Bxf6 31. e4 fxe4+ 32. Kxe4 Kf7 33.
Kd3 Ke7 34. Nf2 Kd6 35. Ne4+ Ke5 36. Nc5 Kxd5 37. Nxb7 Kc6 38. Na5+ Kd5 39. Nc4
Bd4 40. Nd2 Bg7 41. Nc4 Bd4 42. Nd2 Bg7 43. Nc4 Bd4 1/2-1/2

[Event "Nancy-A"]
[Site "?"]
[Date "2014.03.05"]
[Round "2"]
[White "Solodovnichenko, Y."]
[Black "Rindlisbacher, L."]
[Result "1/2-1/2"]
[WhiteElo "2586"]
[BlackElo "2320"]
[PlyCount "89"]
[EventDate "2014.03.05"]
[SourceDate "2014.03.05"]

1. Nf3 Nf6 2. c4 e6 3. g3 d5 4. Bg2 Bd6 5. O-O O-O 6. Qc2 b6 7. Nc3 a6 8. d4
Bb7 9. Bg5 Nbd7 10. cxd5 exd5 11. Nh4 h6 12. Be3 Re8 13. Nf5 Bf8 14. Rfd1 Ne4
15. Nxe4 dxe4 16. Rac1 Rc8 17. Bf4 c5 18. dxc5 Rxc5 19. Qa4 b5 20. Qd4 Rd5 21.
Qa7 Nc5 22. Rxd5 Qxd5 23. Nd6 Bxd6 24. Bxd6 Qxd6 25. Qxc5 Qd2 26. Qc2 Rd8 27.
e3 Qxc2 28. Rxc2 Rd1+ 29. Bf1 Bd5 30. Rc8+ Kh7 31. Rd8 Bb3 32. Rxd1 Bxd1 33.
Bh3 Kg6 34. a3 a5 35. b4 axb4 36. axb4 Be2 37. Bd7 Kf6 38. g4 g5 39. Kg2 Ke5
40. Bc6 f6 41. Kg3 f5 42. gxf5 Kxf5 43. Be8 Ke5 44. Bc6 Kf5 45. Be8 1/2-1/2

[Event "Nancy-A"]
[Site "?"]
[Date "2014.03.05"]
[Round "2"]
[White "Bukavshin, I."]
[Black "Genzling, A."]
[Result "1-0"]
[WhiteElo "2593"]
[BlackElo "2405"]
[PlyCount "87"]
[EventDate "2014.03.05"]
[SourceDate "2014.03.05"]

1. d4 Nf6 2. Nf3 e6 3. c4 Bb4+ 4. Nbd2 b6 5. a3 Bxd2+ 6. Qxd2 Bb7 7. e3 d6 8.
Be2 O-O 9. O-O Nbd7 10. b4 Ne4 11. Qc2 f5 12. Bb2 Rf6 13. d5 Rh6 14. Rad1 c5
15. g3 exd5 16. cxd5 Rc8 17. b5 Qe7 18. Ne1 Ne5 19. f3 Nxg3 20. hxg3 Qg5 21.
Kf2 Rh2+ 22. Ng2 Rh3 23. Bxe5 dxe5 24. Rh1 Qxg3+ 25. Kg1 Rxh1+ 26. Kxh1 Rd8 27.
Kg1 Bc8 28. d6 Qg6 29. Qc4+ Be6 30. Qh4 Rd7 31. Kf2 Qf7 32. e4 f4 33. Qg5 Qf6
34. Qxf6 gxf6 35. Nh4 Kf8 36. Nf5 h5 37. a4 Bb3 38. Rg1 Be6 39. Rg6 Kf7 40. Rh6
Bxf5 41. exf5 Kg7 42. Rg6+ Kf7 43. Bc4+ Ke8 44. Rg8# 1-0

[Event "Nancy-B"]
[Site "?"]
[Date "2014.03.05"]
[Round "2"]
[White "Barbot, P."]
[Black "Nass, E."]
[Result "0-1"]
[WhiteElo "2413"]
[BlackElo "2233"]
[Annotator "SRavot"]
[PlyCount "66"]
[EventDate "2014.03.05"]
[SourceDate "2014.03.05"]

1. e4 e6 2. d4 d5 3. Nd2 Be7 4. e5 c5 5. c3 Nc6 6. Bd3 cxd4 7. cxd4 Qb6 8. Ndf3
Bd7 9. Ne2 Bb4+ 10. Bd2 Nge7 11. O-O Bxd2 12. Qxd2 Nb4 13. Nc3 Nxd3 14. Qxd3
O-O 15. Rfd1 h6 16. Qd2 Rac8 17. Ne2 Rc4 18. b3 Rc7 19. Nf4 Rfc8 20. Nh5 $6 {
pour le moins risqué.} (20. Rac1 $11 {et l'avantage noir est symbolique.})
20... Rc2 21. Qf4 Ng6 22. Qg3 R8c3 23. h4 Bb5 {L'activité noire est maximale.}
24. Nf6+ Kh8 (24... gxf6 25. h5) 25. h5 Ne7 26. Qf4 Be2 27. Ng5 hxg5 28. Qxg5
gxf6 29. Qxf6+ Kg8 30. h6 Nf5 31. Kh2 Bxd1 32. Rxd1 Qc7 33. Rh1 Kh7 0-1

[Event "Nancy-B"]
[Site "?"]
[Date "2014.03.05"]
[Round "2"]
[White "Ninov, N."]
[Black "Le Corre, B."]
[Result "1-0"]
[WhiteElo "2472"]
[BlackElo "2271"]
[Annotator "SR"]
[PlyCount "53"]
[EventDate "2014.03.05"]
[SourceDate "2014.03.05"]

1. e4 c5 2. Nf3 Nc6 3. Bb5 Qc7 4. c3 Nf6 5. Qe2 Ne5 6. Nxe5 Qxe5 7. d3 Qh5 8.
Qxh5 Nxh5 9. e5 a6 10. Ba4 g6 11. Be3 b6 12. d4 Bb7 13. dxc5 bxc5 14. O-O Rc8
15. Na3 Bc6 {réduit une première fois la pression sur le pion arriéré d7.} 16.
Bxc6 Rxc6 17. Rad1 {mais elle va s'avérer trop difficile à gérer.} Ng7 18. Nc4
Ne6 19. Rd5 Bg7 20. Rfd1 Rc7 21. Nb6 O-O (21... Rb7 22. Bxc5 $1 Nxc5 23. Rxc5
$16) 22. Nxd7 Re8 (22... Rfc8 23. g3 $18) 23. Nxc5 Nxc5 24. Bxc5 Bf8 25. Be3
Kg7 26. Rd8 Rxd8 27. Rxd8 1-0

[Event "Nancy-B"]
[Site "?"]
[Date "2014.03.05"]
[Round "2"]
[White "Adrian, C."]
[Black "Welling, G."]
[Result "1/2-1/2"]
[WhiteElo "2239"]
[BlackElo "2339"]
[PlyCount "50"]
[EventDate "2014.03.05"]
[SourceDate "2014.03.05"]

1. d4 d5 2. Nf3 Nf6 3. c4 c6 4. Nc3 a6 5. Ne5 dxc4 6. e3 b5 7. a4 Bb7 8. b3 b4
9. Bxc4 e6 10. Ne2 Nbd7 11. Bb2 Bd6 12. Nxd7 Qxd7 13. O-O O-O 14. Rc1 Rfd8 15.
Ng3 c5 16. Nh5 Be7 17. Qe2 cxd4 18. Bxd4 Qc6 19. Nf4 Rac8 20. Qb2 Qd6 21. Be5
Qd2 22. Rc2 Qd7 23. Bd4 Qd6 24. Be5 Qd7 25. Bd4 Qd6 1/2-1/2

[Event "Nancy-B"]
[Site "?"]
[Date "2014.03.05"]
[Round "2"]
[White "Camacho Collados, J."]
[Black "Ider, B."]
[Result "1/2-1/2"]
[WhiteElo "2393"]
[BlackElo "2379"]
[PlyCount "97"]
[EventDate "2014.03.05"]
[SourceDate "2014.03.05"]

1. Nf3 Nf6 2. b3 d5 3. Bb2 e6 4. e3 c5 5. Rg1 $5 Nc6 6. g4 Qc7 7. g5 Ne4 8. h4
Bd7 9. d3 Nd6 10. Nbd2 O-O-O 11. Ne5 d4 12. Nxd7 Rxd7 13. Nf3 Qa5+ 14. Qd2 dxe3
15. fxe3 Nb4 16. Ke2 Ne4 17. Qc1 Nd6 18. Ne5 Rc7 19. a3 Nc6 20. Bg2 Nxe5 21.
Bxe5 c4 22. Bxd6 cxd3+ 23. cxd3 Rxc1 24. Rgxc1+ Kd7 25. Rc5 Qb6 26. Bxf8 Rxf8
27. Rac1 Rd8 28. b4 Ke7 29. d4 Qa6+ 30. b5 Qxa3 31. Bxb7 h6 32. Be4 Qa2+ 33.
R1c2 Qa5 34. Bd3 Qb6 35. Bc4 Qd6 36. Ra2 Rd7 37. g6 Rc7 38. Ra6 Qh2+ 39. Kd3
fxg6 40. Rxe6+ Kd8 41. Rce5 Qg1 42. Re8+ Kd7 43. R5e7+ Kd6 44. Re6+ Kd7 45.
R8e7+ Kd8 46. Re8+ Kd7 47. R8e7+ Kd8 48. Re8+ Kd7 49. R8e7+ 1/2-1/2

[Event "Nancy-A"]
[Site "?"]
[Date "2014.03.06"]
[Round "3"]
[White "Rindlisbacher, L."]
[Black "Bukavshin, I."]
[Result "0-1"]
[WhiteElo "2320"]
[BlackElo "2593"]
[Annotator "SRavot"]
[PlyCount "82"]
[EventDate "2014.03.06"]
[SourceDate "2014.03.06"]

1. d4 Nf6 2. Nf3 d5 3. c4 e6 4. Nc3 c6 5. e3 Nbd7 6. Qc2 Bd6 7. g4 h6 8. h3 b6
9. Bd2 Bb7 10. cxd5 Nxd5 11. Nxd5 cxd5 12. Qa4 O-O 13. Bb4 Bxb4+ 14. Qxb4 e5
15. Bb5 e4 16. Qd6 Nb8 17. Qxd8 Rxd8 18. Nd2 Rc8 19. Kd1 Nc6 {Les Blancs ont
le bon Fou contre le mauvais, mais ils n'ont cependant pas l'avantage ici. Les
Noirs ont plus d'espace et le Cd2 est à replacer.} 20. Rc1 g5 21. h4 Kg7 22. a3
Ne7 23. Ke2 (23. hxg5 Rxc1+ 24. Kxc1 hxg5 25. Nb1 $11 {replace le Cavalier,
avec égalité.}) 23... gxh4 24. f4 $2 {Une erreur qui s'avérera fatale.} (24.
Rxc8 Rxc8 25. Kd1 Ng6 {et maintenant} 26. f4 $11) 24... Rxc1 25. Rxc1 Rc8 26.
Rh1 Rc2 {La pénétration en 7ème rangée est décisive.} 27. Ba4 Rxb2 28. Bb3 Ba6+
(28... f5 $1 $19) 29. Kd1 Bc4 30. Bxc4 dxc4 31. Rxh4 Nd5 32. Nxc4 Rb3 33. Rh3
$2 (33. Rh5 Nxe3+ 34. Nxe3 Rxe3 35. a4 {offrait quelques chances de salut,
comme dans la plupart des finales de Tours.}) 33... Nxf4 34. Rg3 Nd5 35. Nd6
Rxa3 36. Nf5+ Kg6 37. Rh3 Kg5 38. Nxh6 Nxe3+ 39. Kc1 Rd3 40. Nxf7+ Kxg4 41. Rh7
Rxd4 {Le joueur russe passe à 3/3.} 0-1